[Event "Barcelona Sant Marti op 11th"]
[Site "Barcelona"]
[Date "2024.02.29"]
[Round "8"]
[White "Marin Pena, Faustino"]
[Black "Bota Carbo, Jordi"]
[Result "1-0"]
[WhiteElo "1610"]
[BlackElo "1755"]
[PlyCount "113"]
[EventDate "2024.01.11"]
[EventType "swiss"]
[EventRounds "9"]
[EventCountry "ESP"]
[SourceTitle "CB11_2024"]
[SourceDate "2024.03.13"]
[SourceVersion "1"]
[SourceVersionDate "2024.03.13"]
[SourceQuality "1"]

1. e4 e5 2. Nf3 Nc6 3. Bb5 a6 4. Ba4 Nf6 5. 0-0 d6 6. d3 Be7 7. c3 0-0 8. Re1 b5 9. Bb3 Na5 10. Bc2 c5 11. d4 Qc7 12. h3 Bd7 13. Nbd2 Rac8 14. d5 Rb8 15. Nf1 b4 16. Ng3 bxc3 17. bxc3 g6 18. Bh6 Rfe8 19. Nd2 Bf8 20. Bg5 Kg7 21. Nb3 Ng8 22. Qc1 f6 23. Be3 Nc4 24. Nd2 Nxe3 25. Rxe3 Ne7 26. Bd3 a5 27. c4 Rb7 28. Rb1 Reb8 29. Rxb7 Qxb7 30. Qb1 Qxb1+ 31. Nxb1 Kf7 32. Nc3 Bh6 33. Re2 Rb4 34. Rc2 Nc8 35. Nge2 Ke7 36. a3 Rb3 37. Ra2 f5 38. f3 fxe4 39. fxe4 Be3+ 40. Kf1 Bd4 41. a4 Rxc3 42. Nxc3 Bxc3 43. Bc2 Nb6 44. Bb3 g5 45. Ke2 h5 46. Kf3 Kf6 47. g3 Bxh3 48. Rf2 Bd4 49. Rh2 Bg4+ 50. Kg2 Kg6 51. Rh1 Be2 52. Re1 Bxc4 53. Bc2 Bc3 54. Re3 Bb4 55. Rf3 Nxd5 56. exd5+ Bd3 57. Bxd3+ 1-0

[Event "Barcelona Sant Marti op 11th"]
[Site "Barcelona"]
[Date "2024.01.25"]
[Round "3"]
[White "Marin Pena, Faustino"]
[Black "Segador Sanchez, Didac"]
[Result "1-0"]
[WhiteElo "1610"]
[BlackElo "1379"]
[PlyCount "93"]
[EventDate "2024.01.11"]
[EventType "swiss"]
[EventRounds "9"]
[EventCountry "ESP"]
[SourceTitle "CB11_2024"]
[SourceDate "2024.03.13"]
[SourceVersion "1"]
[SourceVersionDate "2024.03.13"]
[SourceQuality "1"]

1. e4 c5 2. Nf3 Nc6 3. d4 cxd4 4. Nxd4 Nf6 5. Nc3 d6 6. Nxc6 bxc6 7. e5 Nd7 8. exd6 exd6 9. Be2 Be7 10. Bf4 Nc5 11. 0-0 Bf5 12. Bg4 Bxg4 13. Qxg4 0-0 14. Rad1 d5 15. Rfe1 Re8 16. Re3 d4 17. Be5 Bf6 18. Bxd4 Bxd4 19. Rxd4 Qb6 20. b3 Rxe3 21. fxe3 Qc7 22. Qf4 Qe7 23. Qf3 Re8 24. e4 Qg5 25. Kf2 Qh4+ 26. Kf1 Qxh2 27. Rc4 Ne6 28. Ne2 g5 29. Qg3 Qh1+ 30. Kf2 Rd8 31. Rxc6 h6 32. Qh3 Qxh3 33. gxh3 Kg7 34. Ke3 Kg6 35. Ra6 Rd7 36. c3 Kh5 37. Nd4 Nf4 38. c4 Nxh3 39. Nf5 g4 40. Rxh6+ Kg5 41. Rh7 Nf4 42. Rh1 Rd3+ 43. Kf2 Nh3+ 44. Ke2 Rf3 45. Rf1 Rxf1 46. Kxf1 Kf4 47. c5 1-0

[Event "Barcelona Sant Marti op-B 23rd"]
[Site "Barcelona"]
[Date "2023.07.13"]
[Round "1"]
[White "Marin Pena, Faustino"]
[Black "Morales Gesti, Jose Narciso"]
[Result "1-0"]
[WhiteElo "1623"]
[BlackElo "1096"]
[PlyCount "67"]
[EventDate "2023.07.13"]
[EventType "swiss"]
[EventRounds "9"]
[EventCountry "ESP"]
[SourceTitle "CBM 215 Extra"]
[Source "ChessBase"]
[SourceDate "2023.09.30"]
[SourceVersion "1"]
[SourceVersionDate "2023.09.30"]
[SourceQuality "1"]

1. e4 e5 2. Nf3 d6 3. d4 exd4 4. Nxd4 Bd7 5. Nc3 g6 6. Bc4 Bg7 7. Be3 Nc6 8. 0-0 Nxd4 9. Bxd4 Bxd4 10. Qxd4 Qf6 11. Qe3 Ne7 12. Rad1 0-0 13. e5 Qf5 14. exd6 cxd6 15. Qxe7 Rae8 16. Qxd6 Be6 17. Bxe6 Rxe6 18. Qd3 Qf6 19. Nd5 Qxb2 20. Qb3 Qxb3 21. axb3 Kg7 22. Rfe1 Rc6 23. Ne3 Rfc8 24. Rd7 Rb6 25. Red1 Rcc6 26. g3 Rb5 27. Ra1 a6 28. Ra4 Kf8 29. Re4 Kg7 30. Ree7 Re6 31. Rxe6 Kf8 32. Ree7 h5 33. Rxf7+ Ke8 34. Nc4 1-0

[Event "Barcelona Sant Marti op 10th"]
[Site "Barcelona"]
[Date "2023.02.23"]
[Round "7"]
[White "Vazquez Sanchez, Juan Antonio"]
[Black "Marin Pena, Faustino"]
[Result "1/2-1/2"]
[WhiteElo "1261"]
[BlackElo "1631"]
[PlyCount "148"]
[EventDate "2023.01.12"]
[EventType "swiss"]
[EventRounds "9"]
[EventCountry "ESP"]
[SourceTitle "CBM 213 Extra"]
[Source "ChessBase"]
[SourceDate "2023.05.31"]
[SourceVersion "1"]
[SourceVersionDate "2023.05.31"]
[SourceQuality "1"]

1. e4 c5 2. Nf3 d6 3. d4 cxd4 4. c3 d3 5. Bxd3 Nf6 6. 0-0 g6 7. Re1 Bg7 8. Be3 0-0 9. e5 dxe5 10. Nxe5 Nbd7 11. Bd4 Nxe5 12. Bxe5 Bd7 13. Qb3 Bc6 14. Bc4 Qd7 15. Na3 Qg4 16. Bg3 e6 17. h3 Qg5 18. Re5 Qh6 19. Re3 Nd5 20. Bxd5 Bxd5 21. Qc2 Rac8 22. Rae1 Qg5 23. Nb1 h5 24. h4 Qg4 25. a3 Bf6 26. Qe2 Qa4 27. f4 Rfe8 28. Nd2 Qc6 29. f5 Qb6 30. fxg6 fxg6 31. Nf3 Rc4 32. Bf2 Qc6 33. Bg3 Rg4 34. Qf2 Bxf3 35. Rxf3 Bd8 36. Kh2 Bb6 37. Qc2 Bc7 38. Bxc7 Qxc7+ 39. Kh3 Kg7 40. Qf2 Re7 41. Rf8 Rg3+ 42. Qxg3 Qxg3+ 43. Kxg3 Kxf8 44. Kf4 Kg7 45. Ke5 Rf7 46. Re2 Rf6 47. Kd6 Kf7 48. Kc7 Rf4 49. Kxb7 Rxh4 50. Kxa7 Rh2 51. Rf2+ Ke7 52. b4 h4 53. Rf4 g5 54. Rg4 Kf6 55. b5 Kf5 56. Rb4 Rxg2 57. b6 Rd2 58. b7 Rd7 59. Ka8 Rd8+ 60. b8Q Rxb8+ 61. Kxb8 h3 62. a4 h2 63. Rb1 g4 64. a5 g3 65. a6 g2 66. a7 h1Q 67. Rxh1 gxh1Q 68. a8Q Qxa8+ 69. Kxa8 e5 70. c4 e4 71. c5 e3 72. c6 e2 73. c7 e1Q 74. c8Q+ Kf6 1/2-1/2

[Event "Barcelona Sant Marti op-B 22nd"]
[Site "Barcelona"]
[Date "2022.07.20"]
[Round "8"]
[White "Marin Pena, Faustino"]
[Black "Montemar Mendoza, Armando Eduardo"]
[Result "1-0"]
[WhiteElo "1677"]
[BlackElo "1518"]
[PlyCount "103"]
[EventDate "2022.07.13"]
[EventType "swiss"]
[EventRounds "9"]
[EventCountry "ESP"]
[SourceTitle "CBM 210 Extra"]
[Source "ChessBase"]
[SourceDate "2022.11.30"]
[SourceVersion "1"]
[SourceVersionDate "2022.11.30"]
[SourceQuality "1"]

1. e4 c6 2. d4 d5 3. Nc3 dxe4 4. Nxe4 Nd7 5. Bc4 Ngf6 6. Nxf6+ Nxf6 7. Bf4 Bg4 8. f3 Bh5 9. Ne2 e6 10. 0-0 Bd6 11. Re1 Qc7 12. Bxd6 Qxd6 13. Ng3 Bg6 14. c3 0-0 15. Bd3 Bxd3 16. Qxd3 Rad8 17. Ne4 Qe7 18. Qe2 Nd5 19. Rad1 Rfe8 20. Qf2 b6 21. Qg3 Qc7 22. Qg5 Qf4 23. Qxf4 Nxf4 24. g3 Nd5 25. Kf2 Kf8 26. f4 h6 27. Kf3 f5 28. Nf2 Kf7 29. Nd3 Rd6 30. Ne5+ Kf6 31. a3 g5 32. c4 Ne7 33. Rd2 Red8 34. Red1 c5 35. Ke3 gxf4+ 36. gxf4 a5 37. dxc5 Rxd2 38. Rxd2 Rxd2 39. Kxd2 bxc5 40. Nd7+ Kf7 41. Nxc5 Ng6 42. Nd3 Ne7 43. b4 axb4 44. axb4 Nc6 45. b5 Nd4 46. Kc3 Ne2+ 47. Kb4 Nxf4 48. Nxf4 e5 49. Nd5 e4 50. b6 e3 51. Nxe3 f4 52. Nd1 1-0

[Event "Barcelona Sant Marti op-B 22nd"]
[Site "Barcelona"]
[Date "2022.07.18"]
[Round "6"]
[White "Marin Pena, Faustino"]
[Black "Padin Jimenez, Oriol"]
[Result "0-1"]
[WhiteElo "1677"]
[BlackElo "1539"]
[PlyCount "94"]
[EventDate "2022.07.13"]
[EventType "swiss"]
[EventRounds "9"]
[EventCountry "ESP"]
[SourceTitle "CBM 210 Extra"]
[Source "ChessBase"]
[SourceDate "2022.11.30"]
[SourceVersion "1"]
[SourceVersionDate "2022.11.30"]
[SourceQuality "1"]

1. e4 c5 2. Nf3 e6 3. d4 cxd4 4. Nxd4 a6 5. Be2 b5 6. a3 Bb7 7. f3 Qc7 8. Be3 Nc6 9. Nc3 Be7 10. 0-0 Nxd4 11. Qxd4 Nf6 12. Rfd1 0-0 13. Qb6 Rac8 14. Qxc7 Rxc7 15. Rd2 d5 16. exd5 Nxd5 17. Nxd5 Bxd5 18. c3 Bc5 19. Bf2 f5 20. a4 Rb8 21. axb5 axb5 22. Bxc5 Rxc5 23. Rd4 Kf7 24. Ra5 Bc4 25. Kf2 Rb7 26. f4 Kf6 27. g3 g5 28. Bf3 Rb6 29. Bd1 Rc7 30. Ra8 Bd5 31. fxg5+ Kxg5 32. h4+ Kf6 33. Ra5 Rc4 34. Ke3 Ke7 35. Kf4 Kd6 36. Kg5 Ke5 37. Rxc4 bxc4 38. Ra2 Ke4 39. Kh6 e5+ 40. Kxh7 f4 41. gxf4 exf4 42. b4 cxb3 43. Rb2 f3 44. h5 Kd3 45. c4 Kxc4 46. h6 Kc3 47. Rb1 Be4+ 0-1

[Event "Barcelona Sant Marti op-B 22nd"]
[Site "Barcelona"]
[Date "2022.07.17"]
[Round "5"]
[White "Castaneda Munoz, Antonio"]
[Black "Marin Pena, Faustino"]
[Result "0-1"]
[WhiteElo "1472"]
[BlackElo "1677"]
[PlyCount "140"]
[EventDate "2022.07.13"]
[EventType "swiss"]
[EventRounds "9"]
[EventCountry "ESP"]
[SourceTitle "CBM 210 Extra"]
[Source "ChessBase"]
[SourceDate "2022.11.30"]
[SourceVersion "1"]
[SourceVersionDate "2022.11.30"]
[SourceQuality "1"]

1. e4 e5 2. Nf3 Nc6 3. d4 exd4 4. Nxd4 d6 5. Be3 Nf6 6. Nc3 Be7 7. Bd3 Ne5 8. h3 0-0 9. Nd5 Nxd3+ 10. Qxd3 Re8 11. 0-0-0 c6 12. Nf4 Qa5 13. Kb1 Qe5 14. f3 Bf8 15. Rde1 Bd7 16. g4 d5 17. Bd2 dxe4 18. fxe4 c5 19. Nf5 Bc6 20. Nd5 Rad8 21. Bc3 Qe6 22. Nxf6+ gxf6 23. Qe3 Qxe4 24. Qc1 Qf3 25. Rxe8 Rxe8 26. Rg1 Re2 27. Nh6+ Bxh6 28. Qxh6 Qe3 29. Qxe3 Rxe3 30. Bxf6 Rxh3 31. Rd1 Rh1 32. Kc1 Rxd1+ 33. Kxd1 Bf3+ 34. Kd2 Bxg4 35. Ke3 h5 36. Kf4 Kf8 37. Kg5 Ke8 38. Be5 Ke7 39. Bb8 a6 40. Ba7 c4 41. c3 Ke6 42. a4 b5 43. axb5 axb5 44. Bd4 f5 45. Bg7 Kd5 46. Kf4 h4 47. Bd4 h3 48. Bg1 Kc6 49. Ke5 Kb7 50. Bh2 Ka6 51. Kd4 Ka5 52. Kc5 Ka4 53. Kb6 Bh5 54. Bd6 Be8 55. Kc5 Kb3 56. Be5 Kxb2 57. Kd4 Kc2 58. Ke3 Bc6 59. Kf2 Kd3 60. Kg3 Bg2 61. Kf2 b4 62. cxb4 Kd2 63. Bf4+ Kd3 64. Ke1 c3 65. Kd1 Ke4 66. Bh2 f4 67. b5 f3 68. Bg3 Ke3 69. Ke1 c2 70. Bf2+ Kd3 0-1

[Event "Barcelona Sant Marti op-B 22nd"]
[Site "Barcelona"]
[Date "2022.07.14"]
[Round "2"]
[White "Marin Pena, Faustino"]
[Black "Berrozpe Gonzalez, Marc"]
[Result "1/2-1/2"]
[WhiteElo "1677"]
[BlackElo "1369"]
[PlyCount "147"]
[EventDate "2022.07.13"]
[EventType "swiss"]
[EventRounds "9"]
[EventCountry "ESP"]
[SourceTitle "CBM 210 Extra"]
[Source "ChessBase"]
[SourceDate "2022.11.30"]
[SourceVersion "1"]
[SourceVersionDate "2022.11.30"]
[SourceQuality "1"]

1. e4 c5 2. d4 cxd4 3. Qxd4 Nc6 4. Qd1 g6 5. Nf3 Bg7 6. Bd3 Nf6 7. 0-0 0-0 8. h3 d6 9. Nc3 Bd7 10. Be3 Re8 11. Qd2 a6 12. Bh6 b5 13. Bxg7 Kxg7 14. Rfe1 Qb6 15. Nd5 Nxd5 16. exd5 Nd8 17. Qf4 Nb7 18. Ng5 f6 19. Nf3 Nc5 20. Rad1 Rac8 21. c3 a5 22. Qd4 Na4 23. Rd2 Qxd4 24. Nxd4 Rb8 25. Rde2 Kf7 26. Be4 Nc5 27. Bf3 f5 28. Nc6 Bxc6 29. dxc6 Nd3 30. Rd1 Ne5 31. Bd5+ e6 32. Bb3 Ke7 33. f4 Nc4 34. Rde1 Kf7 35. Bd1 Rbc8 36. a4 Rxc6 37. axb5 Rc5 38. Ba4 Nb6 39. Bb3 d5 40. Ba2 Rxb5 41. b3 Rc5 42. Re3 Rc6 43. Kf2 Nd7 44. c4 dxc4 45. bxc4 Nf6 46. Bb3 Re7 47. Re5 Ne4+ 48. Kg1 Nd2 49. Ba2 Nxc4 50. Bxc4 Rxc4 51. g3 a4 52. Ra5 Rd7 53. Ra6 Re4 54. Rxe4 fxe4 55. Rxa4 Rd3 56. Kf2 Rd2+ 57. Ke3 Rd3+ 58. Kf2 Kf6 59. Rxe4 Kf5 60. Re3 Rd2+ 61. Kf3 Rh2 62. Re5+ Kf6 63. h4 Rd2 64. Kg4 Rd3 65. h5 gxh5+ 66. Rxh5 Kg6 67. Rg5+ Kf6 68. Kh5 Rd2 69. Kh6 Rh2+ 70. Rh5 Rxh5+ 71. Kxh5 Kf5 72. Kh4 h6 73. Kh5 Ke4 74. Kg4 1/2-1/2

[Event "Barcelona Sant Marti op-B 22nd"]
[Site "Barcelona"]
[Date "2022.07.13"]
[Round "1"]
[White "Vardanyan Asilbekyan, Ani"]
[Black "Marin Pena, Faustino"]
[Result "1/2-1/2"]
[WhiteElo "1157"]
[BlackElo "1677"]
[PlyCount "80"]
[EventDate "2022.07.13"]
[EventType "swiss"]
[EventRounds "9"]
[EventCountry "ESP"]
[SourceTitle "CBM 210 Extra"]
[Source "ChessBase"]
[SourceDate "2022.11.30"]
[SourceVersion "1"]
[SourceVersionDate "2022.11.30"]
[SourceQuality "1"]

1. e4 e5 2. Nf3 Nc6 3. Nc3 Nf6 4. a3 Be7 5. d4 exd4 6. Nxd4 0-0 7. Be2 Nxd4 8. Qxd4 d6 9. Be3 Bg4 10. f3 Bd7 11. 0-0 c5 12. Qd2 Re8 13. Rad1 Qa5 14. Nd5 Qxd2 15. Rxd2 Nxd5 16. Rxd5 Bc6 17. Rd2 Rad8 18. Rfd1 g5 19. Bc4 Kg7 20. Bd5 Rc8 21. Bf2 h5 22. h3 h4 23. g3 Kg6 24. gxh4 gxh4 25. Be3 Rg8 26. Rg2+ Kh7 27. Bxf7 Rxg2+ 28. Kxg2 Kg7 29. Bd5 Kf6 30. Bxc6 bxc6 31. f4 Rg8+ 32. Kh2 Ke6 33. Rg1 Rxg1 34. Kxg1 d5 35. exd5+ cxd5 36. Kg2 Kf5 37. Kf3 a5 38. c3 a4 39. Bf2 Bd6 40. Be3 Be7 1/2-1/2